Smoking fish : a delicious recipes and step by step directions to enjoy smoking with fish and seafood

Bibliographic Details
Main Author: Murphy, Roger (Author)
Format: Book
Language:English
Published: Independently Published 2019
Subjects:

MARC

LEADER 00000cam a2200000 7i4500
001 0000099039
005 20210118093000.0
008 200812 -us eng
020 |a 1703308271 
020 |a 9781703308273 
040 |a UniSZA   |e rda 
050 0 0 |a TX747   |b .M87 2019 
090 0 0 |a TX747   |b .M87 2019 
100 1 |a Murphy, Roger ,   |e author 
245 1 0 |a Smoking fish :   |b a delicious recipes and step by step directions to enjoy smoking with fish and seafood   |c Roger Murphy 
264 1 |b Independently Published   |c 2019 
300 |a 130 pages ;   |c 24cm. 
336 |a text  |2 rdacontent 
337 |a unmediated  |2 rdamedia 
338 |a volume  |2 rdacarrier 
505 0 |a 1. Fish -- 2. Salmon and trout -- 3. Seafood -- 4. Tuna -- 5. Smoking tips and tricks -- 6. Electric smoker tips 
650 0 |a Cooking (Fish) 
650 0 |a Cooking (Seafood) 
999 |a 1000180383   |b Book   |c Open Shelf (1 Day)   |e Tembila Campus